000 00584nam a2200181Ia 4500
008 140529s9999 xx 000 0 und d
020 _a9789712359118
050 _aBF 722
_b.M754 2011
100 _aMonserrate, Edita C.
245 _aAssessing the behavior of young children /
_cEdita C. Monserrate
260 _aManila, Philippines :
_bRex Book Store, Inc.,
_cc2011.
300 _a245 p. :
_bill. ;
_c26 cm.
500 _aIncludes bibliographical references and index.
521 _aPSYCH
650 _aPsychological tests for children.
942 _kLOC
_cBK
999 _c117633
_d117633